000
00300nam a2200121Ia 4500
008
191201s2019 xx 000 0 und d
100
_a
Rattan, S.S
245
0
_a
Fluid Mechanics and Hydraulic machines
260
_b
Khanna Publishing
_c
2019
300
_a
735
650
_a
B.Tech(ME)
942
_2
ddc
_c
BK
999
_c
6963
_d
6963